| 000 | 03272cam a22006254i 4500 | ||
|---|---|---|---|
| 003 | PE-LiUPU | ||
| 005 | 20250731165607.0 | ||
| 008 | 150706s2009 mx a r 000 0 d | ||
| 020 | _a9789682479311 | ||
| 035 | _a(Sirsi) i9789682479311 | ||
| 040 |
_aPE-LiUPU _bspa _cPE-LiUPU _erda |
||
| 049 | _aPRUA | ||
| 082 | 0 | 4 |
_a001.42 _bM26 _221 |
| 082 | 0 | 4 |
_a300.72 _bM26 2009 |
| 100 | 1 |
_aMartínez Miguélez, Miguel, _eautor. |
|
| 245 | 1 | 0 |
_aEvaluación Cualitativa de Programas / _cMiguel Martínez Miguélez. |
| 264 | 1 |
_aMéxico : _bTrillas, _c2007. |
|
| 300 |
_a104 páginas : _bilustraciones, tablas, cuadros ; _c23 centímetros |
||
| 336 |
_atext _2rdacontent |
||
| 337 |
_aunmediated _2rdamedia |
||
| 338 |
_avolume _2rdacarrier |
||
| 504 | _aIncluye referencias bibliografías. | ||
| 505 | 0 | _aIntroducción y visión de conjunto -- Paradigmas epistémicos y metodología -- Contraste entre las metodologías cualitativas y cuantitativas -- Enfoques de la evaluación cualitativa -- La evaluación como proceso etnográfico de decisiones continua -- Análisis de contenidos y teorización -- Elaboración del informe final. | |
| 526 | _aSEG44 | ||
| 526 | _aSEG26 | ||
| 526 | _aP151 | ||
| 526 | _aP150 | ||
| 526 | _aP149 | ||
| 526 | _aP146 | ||
| 526 | _aP145 | ||
| 526 | _aP126 | ||
| 526 | _aP125 | ||
| 526 | _aP92 | ||
| 526 | _aP75 | ||
| 526 | _aP74 | ||
| 526 | _aP27 | ||
| 526 | _aP15 | ||
| 650 | 0 | 4 |
_aCiencias Sociales _xInvestigación. |
| 650 | 0 | 4 |
_aEvaluación _xMetodología. |
| 650 | 0 | 4 |
_aInvestigación cualitativa _xMetodología. |
| 910 |
_bjv _cng _d20100513 |
||
| 942 |
_2ddc _cBOOK |
||
| 949 |
_a300.72 M26 2009 _wDEWEY _c1 _iFJ09837 _lCCODEBUJ1 _mBUJ _p15.00 _r0 _sY _tBOOK _u2015-12-9 _xEDUCACION _zUNKNOWN _0COMPRA _o.STAFF. Colección General |
||
| 949 |
_a300.72 M26 2009 _wDEWEY _c2 _iFJ09838 _lCCODEBUJ1 _mBUJ _p15.00 _r0 _sY _tBOOK _u2015-12-9 _xEDUCACION _zUNKNOWN _0COMPRA _o.STAFF. Colección General |
||
| 949 |
_a300.72 M26 2009 _wDEWEY _c3 _iFJ09839 _lCCODEBUJ1 _mBUJ _p15.00 _r0 _sY _tBOOK _u2015-12-9 _xEDUCACION _zUNKNOWN _0COMPRA _o.STAFF. Colección General |
||
| 949 |
_aPGE 001.42 M26 _wDEWEY _c1 _i61672 _mBUL _r0 _sY _tBOOK _u2015-7-6 _xPOSGRADO _PP57 _o.CIRCNOTE. No olvidar cambiar la fecha de devolución!!!!!!! _o.STAFF. Colección General |
||
| 994 |
_aC0 _bPEPRU |
||
| 596 | _a1 3 | ||
| 999 |
_aPGE 001.42 M26 _wDEWEY _c50841 _i61672 _d50841 _e2017-3-29 _f2021-11-4 _g5 _lCCODEBUL1 _mBUL _n2 _q1 _r0 _sY _tBOOK _u2015-7-6 _xBIBLIOTECA _PP57 _0COMPRA _o.CIRCNOTE. No olvidar cambiar la fecha de devolución!!!!!!! _o.STAFF. Colección General |
||
| 999 |
_a300.72 M26 2009 _wDEWEY _c1 _iFJ09837 _d2019-5-27 _e2018-6-4 _f2022-1-17 _g3 _lCCODEBUJ1 _mBUJ _n1 _p15.00 _q1 _r0 _sY _tBOOK _u2015-12-9 _xEDUCACION _zUNKNOWN _0COMPRA _o.STAFF. Colección General Juliaca |
||
| 999 |
_a300.72 M26 2009 _wDEWEY _c2 _iFJ09839 _f2022-1-17 _g3 _lCCODEBUJ1 _mBUJ _p15.00 _r0 _sY _tBOOK _u2015-12-9 _xEDUCACION _zUNKNOWN _0COMPRA _o.STAFF. Colección General Juliaca |
||
| 999 |
_a300.72 M26 2009 _wDEWEY _c3 _iFJ09838 _f2022-1-17 _g3 _lCCODEBUJ1 _mBUJ _p15.00 _r0 _sY _tBOOK _u2015-12-9 _xEDUCACION _zUNKNOWN _0COMPRA _o.STAFF. Colección General Juliaca |
||
| 980 |
_81 _gALBERTO SANCHEZ Responsable de Automatización |
||